Miejscowości gmina Tłuszcz - Statystyki

Ogólne statystyki
  • Ten quiz został rozwiązany 2 razy
  • Średni wynik to 13 z 39
Statystyki odpowiedzi
Odpowiedź % Poprawnych
wieś Białki
100%
wieś Chrzęsne
100%
wieś Jasienica
100%
wieś Kozły
100%
wieś Mokra Wieś
100%
wieś Postoliska
100%
wieś Wólka Kozłowska
100%
wieś Jaźwie
50%
wieś Konary
50%
wieś Kury
50%
wieś Łysobyki
50%
wieś Miąse
50%
osada Moczydło
50%
wieś Ołdaki
50%
wieś Pawłów
50%
wieś Rysie
50%
wieś Stryjki
50%
wieś Szymanówek
50%
wieś Wilczeniec
50%
wieś Balcery
0%
wieś Brzezinów
0%
przysiółek Budziska
0%
przysiółek Cichów
0%
wieś Dzięcioły
0%
wieś Fiukały
0%
wieś Franciszków
0%
wieś Grabów
0%
wieś Jadwinin
0%
wieś Jarzębia Łąka
0%
przysiółek Kątniki-Kolonia
0%
przysiółek Kobiel
0%
wieś Marianów
0%
wieś Pólko
0%
wieś Rudniki
0%
wieś Stasinów
0%
wieś Szczepanek
0%
wieś Wagan
0%
wieś Zalesie
0%
wieś Zapole
0%
Nie znaleziono quizów pasujących do podanych kryteriów
Rozkład punktacji
Procent ludzi z każdym wynikiem
Percentyl według liczby udzielonych odpowiedzi
Twoja historia wyników
Nie rozwiązałeś tego quizu